Dominican Republic Immigration by Country - Statistics

General Stats
  • This quiz has been taken 34 times
  • The average score is 15 of 20
Answer Stats
# People Country of Origin % Correct
4,763 United States
100%
1,405 Canada
90%
872,433 Haiti
90%
1,642 Mexico
90%
1,4051,212 Argentina
87%
7,389 Spain
87%
125,300 Venezuela
87%
1,550 Peru
83%
1,857 Colombia
80%
5,885 France
80%
840 Panama
80%
1,022 Brazil
77%
3,367 Cuba
77%
749 Chile
73%
1,978 Germany
73%
5,428 Italy
70%
655 Ecuador
67%
4,927 China
57%
696 Netherlands
47%
1,122 Switzerland
27%
No matching quizzes found
Score Distribution
Percent of People with Each Score
Percentile by Number Answered
Your Score History
You have not taken this quiz